Chanson à trous : Charles Aznavour - Comme ils disent - Statistiques

Statistiques générales
  • Ce quiz a été pris 237 fois
  • Le résultat moyen est 16 sur 24
Statistiques - réponses
Couplets Comme ils disent % Correct
1 J'habite seul avec {maman} Dans un très vieil appartement Rue Sarasate
99%
4 À l'occasion, je pique aussi À {la} {machine}
90%
3 Pour laisser maman reposer Très souvent, je fais le marché Et {la} {cuisine}
90%
2 J'ai pour me tenir compagnie Une {tortue}, deux canaris Et une chatte
88%
5 Le travail ne me fait pas peur Je suis un peu {décorateur} Un peu styliste
86%
7 J'ai un numéro très spécial Qui finit en nu intégral Après {strip}-{tease}
83%
8 Et dans la salle je vois que Les mâles n'en {croient} {pas} {leurs} {yeux} Je suis un homme, oh Comme ils disent
79%
9 Vers les trois heures du matin On va manger entre copains De tous {les} {sexes}
78%
6 Mais mon vrai métier C'est la nuit Que je l'exerce {travesti} Je suis artiste
76%
10 Dans un quelconque {bar}-{tabac} Et là, on s'en donne à cœur joie Et sans complexes
72%
22 Car l'objet de tous mes tourments Passe le plus clair de son temps Au lits {des} {femmes}
65%
20 À ce garçon beau {comme} {un} {dieu} Qui sans rien faire a mis le feu À ma mémoire
62%
17 À l'heure où naît un jour nouveau Je rentre retrouver mon lot De {solitude}
62%
21 Ma bouche n'osera jamais Lui avouer mon {doux} {secret} Mon tendre drame
60%
11 On déballe des vérités Sur des gens qu'on a dans le nez On {les} {lapide}
60%
15 Ça gesticule et parle fort Ça joue les {divas}, les ténors De la bêtise
58%
14 Singeant ce qu'ils croient être nous Et se couvrent, les {pauvres} {fous} De ridicule
58%
24 Que c'est bien {la} {nature} qui Est seule responsable si Je suis un homme, oh Comme ils disent
56%
13 On rencontre des {attardés} Qui pour épater leur tablée Marchent et ondulent
55%
18 J'ôte mes cils et mes cheveux Comme un {pauvre} {clown} malheureux De lassitude
53%
23 Nul n'a le droit en vérité De {me} {blâmer}, de me juger Et je précise
53%
12 Mais on le fait avec humour Enrobé dans {des} {calembours} Mouillés d'acide
52%
16 Moi, les lazzis, les quolibets Me laissent {froid}, puisque c'est vrai Je suis un homme, oh Comme ils disent
44%
19 Je me couche mais ne dors pas Je pense à mes amours {sans} {joie} Si dérisoires
43%
Aucun quiz correspondant
Distribution des résultats
% des personnes avec chaque résultat
Percentile par nombre de réponses
Votre historique - résultats
Vous n’avez pas pris ce quiz